Municipios españoles más poblados que comienzan con D - Estadísticas

Estadísticas generales
  • Esta prueba ha sido intentada 610 veces
  • La puntuación promedio es 4 de 12
Estadísticas de respuestas
Población Municipio Comunidad % Correcto
188.136 Donostia País Vasco
87%
45.893 Dénia Com. Valenciana
66%
138.991 Dos Hermanas Andalucía
65%
37.524 Don Benito Extremadura
57%
17.673 Daimiel Castilla-La Mancha
33%
10.601 Daganzo de Arriba Madrid
17%
5.380 Deva País Vasco
16%
7.064 Derio País Vasco
14%
5.920 Dosrius Cataluña
9%
11.834 Deltebre Cataluña
8%
7.886 Dolores Com. Valenciana
7%
7.245 Dúrcal Andalucía
7%
No se encontraron pruebas coincidentes
Distribución de puntuación
Porcentaje de gente con cada puntuación
Porcentaje por número respondido
Historial de tus puntuaciones
No has intentado esta prueba.